[Event "SLO-CupT"]
[Site "Novo Mesto"]
[Date "2015.03.27"]
[Round "1"]
[White "Copi, Ambroz"]
[Black "Zirkelbach, Maj"]
[Result "0-1"]
[WhiteElo "1827"]
[BlackElo "2032"]
[PlyCount "56"]
[EventDate "2015.03.27"]
[EventType "team-swiss"]
[EventRounds "5"]
[EventCountry "SLO"]
[SourceTitle "EXT 2019"]
[Source "ChessBase"]
[SourceDate "2018.10.10"]
[SourceVersion "1"]
[SourceVersionDate "2018.10.10"]
[SourceQuality "1"]
[WhiteTeam "Novo Mesto Krka II"]
[BlackTeam "Novo Mesto Krka"]
[WhiteTeamCountry "SLO"]
[BlackTeamCountry "SLO"]

1. c4 e5 2. Nc3 Nf6 3. g3 d5 4. cxd5 Nxd5 5. Bg2 Nb6 6. Nf3 Nc6 7. 0-0 Be7 8. d3 0-0 9. a3 Be6 10. b4 a5 11. b5 Nd4 12. Rb1 f6 13. a4 c6 14. Bd2 c5 15. Be3 Rc8 16. Nd2 Qd7 17. Nce4 Nd5 18. Rc1 f5 19. Nc3 Nb6 20. Nf3 Bf6 21. Rb1 Nxf3+ 22. exf3 e4 23. Ne2 exd3 24. Nf4 Rfd8 25. Nxe6 Qxe6 26. Re1 Qa2 27. f4 d2 28. Re2 Qxb1 0-1

[Event "Novo Mesto op"]
[Site "Novo Mesto"]
[Date "2014.11.06"]
[Round "7"]
[White "Copi, Ambroz"]
[Black "Pozun, Matej"]
[Result "1-0"]
[WhiteElo "1822"]
[BlackElo "1652"]
[PlyCount "51"]
[EventDate "2014.10.31"]
[EventType "swiss"]
[EventRounds "9"]
[EventCountry "SLO"]
[SourceTitle "EXT 2019"]
[Source "ChessBase"]
[SourceDate "2018.10.10"]
[SourceVersion "1"]
[SourceVersionDate "2018.10.10"]
[SourceQuality "1"]

1. d4 Nf6 2. c4 g6 3. Nc3 d5 4. cxd5 Nxd5 5. e3 Bg7 6. Bc4 Nxc3 7. bxc3 c5 8. Ne2 0-0 9. 0-0 Nc6 10. Ba3 cxd4 11. cxd4 Qc7 12. Rc1 Rd8 13. Qb3 e6 14. Bd3 b6 15. Be4 Bb7 16. Rxc6 Bxc6 17. Rc1 Rac8 18. Bxc6 Bf8 19. g3 e5 20. d5 Bd6 21. Nc3 Qe7 22. Bxd6 Qxd6 23. Ne4 Qf8 24. Rb1 Kg7 25. Qb5 f5 26. Ng5 1-0

[Event "Novo Mesto op"]
[Site "Novo Mesto"]
[Date "2014.11.02"]
[Round "5"]
[White "Copi, Ambroz"]
[Black "Brilej, Jaka"]
[Result "1/2-1/2"]
[WhiteElo "1822"]
[BlackElo "1534"]
[PlyCount "41"]
[EventDate "2014.10.31"]
[EventType "swiss"]
[EventRounds "9"]
[EventCountry "SLO"]
[SourceTitle "EXT 2019"]
[Source "ChessBase"]
[SourceDate "2018.10.10"]
[SourceVersion "1"]
[SourceVersionDate "2018.10.10"]
[SourceQuality "1"]

1. d4 d5 2. c4 e6 3. Nc3 Nf6 4. Bg5 Nbd7 5. e3 c6 6. Nf3 Qa5 7. Bxf6 Nxf6 8. Qb3 Bb4 9. Be2 Ne4 10. Rc1 0-0 11. 0-0 Nxc3 12. bxc3 Bd6 13. Nd2 Qc7 14. h3 dxc4 15. Nxc4 e5 16. Nxd6 Qxd6 17. a4 exd4 18. cxd4 Rb8 19. Rc3 Be6 20. Bc4 Bxc4 21. Qxc4 1/2-1/2

[Event "SLO-ch U20"]
[Site "Smarjeske Toplice"]
[Date "2014.06.30"]
[Round "9"]
[White "Janzekovic, Klemen Tilen"]
[Black "Copi, Ambroz"]
[Result "1/2-1/2"]
[WhiteElo "1851"]
[BlackElo "1812"]
[PlyCount "61"]
[EventDate "2014.06.24"]
[EventType "swiss"]
[EventRounds "9"]
[EventCountry "SLO"]
[SourceTitle "EXT 2019"]
[Source "ChessBase"]
[SourceDate "2018.10.10"]
[SourceVersion "1"]
[SourceVersionDate "2018.10.10"]
[SourceQuality "1"]

1. e4 e5 2. Nf3 Nc6 3. Bb5 a6 4. Bxc6 dxc6 5. d4 exd4 6. Qxd4 Qxd4 7. Nxd4 Bd6 8. Nc3 Nf6 9. 0-0 0-0 10. h3 Re8 11. Re1 c5 12. Nf3 Nd7 13. Be3 b6 14. Rad1 Bb7 15. Nd2 Ne5 16. Nd5 Bxd5 17. exd5 Rad8 18. c4 h6 19. Bf4 Nd3 20. Rxe8+ Rxe8 21. Bxd6 cxd6 22. b3 Kf8 23. f3 Re1+ 24. Rxe1 Nxe1 25. Kf2 Nd3+ 26. Ke3 Ne5 27. Ne4 Ke7 28. a3 a5 29. a4 Nd7 30. Ng3 g6 31. Ne4 1/2-1/2

[Event "SLO-ch U20"]
[Site "Smarjeske Toplice"]
[Date "2014.06.28"]
[Round "7"]
[White "Copi, Ambroz"]
[Black "Opalic, David"]
[Result "1/2-1/2"]
[WhiteElo "1812"]
[BlackElo "1736"]
[PlyCount "47"]
[EventDate "2014.06.24"]
[EventType "swiss"]
[EventRounds "9"]
[EventCountry "SLO"]
[SourceTitle "EXT 2019"]
[Source "ChessBase"]
[SourceDate "2018.10.10"]
[SourceVersion "1"]
[SourceVersionDate "2018.10.10"]
[SourceQuality "1"]

1. d4 d5 2. c4 c6 3. Nc3 Nf6 4. Nf3 e6 5. Bg5 Nbd7 6. e3 Qa5 7. Bxf6 Nxf6 8. Qb3 Bb4 9. Rc1 0-0 10. Be2 c5 11. 0-0 cxd4 12. exd4 dxc4 13. Bxc4 a6 14. a3 Bxc3 15. bxc3 b5 16. Be2 Bb7 17. c4 Bxf3 18. Bxf3 bxc4 19. Qxc4 Ra7 20. Qc5 Qxc5 21. dxc5 Rc8 22. c6 Rac7 23. Rc5 Nd5 24. Bxd5 1/2-1/2

[Event "Novo Mesto op"]
[Site "Novo Mesto"]
[Date "2013.11.02"]
[Round "4"]
[White "Brcar, Ales"]
[Black "Copi, Ambroz"]
[Result "1-0"]
[WhiteElo "2039"]
[BlackElo "1807"]
[PlyCount "69"]
[EventDate "2013.10.31"]
[EventType "swiss"]
[EventRounds "9"]
[EventCountry "SLO"]
[SourceTitle "EXT 2015"]
[Source "ChessBase"]
[SourceDate "2014.11.20"]
[SourceVersion "1"]
[SourceVersionDate "2014.11.20"]
[SourceQuality "1"]

1. d4 Nf6 2. c4 e6 3. Nc3 b6 4. a3 Bb7 5. d5 d6 6. e4 Be7 7. Bd3 Nbd7 8. Nf3 0-0 9. 0-0 Re8 10. Nd4 exd5 11. cxd5 Nc5 12. Bb5 Rf8 13. Re1 a6 14. Bc6 Bxc6 15. Nxc6 Qd7 16. b4 Nb7 17. Bb2 Nd8 18. Nd4 c5 19. dxc6 Nxc6 20. Nd5 Nxd5 21. Nxc6 Qxc6 22. exd5 Qd7 23. Re3 Qd8 24. Rf3 Rc8 25. Qd3 b5 26. Re1 Re8 27. Rfe3 Qd7 28. Qe2 Kf8 29. h3 Bg5 30. Bxg7+ Kxg7 31. Rxe8 Rxe8 32. Qxe8 Qf5 33. Qe4 Qf6 34. Qg4 Kf8 35. Qc8+ 1-0

[Event "Novo Mesto op"]
[Site "Novo Mesto"]
[Date "2013.10.31"]
[Round "1"]
[White "Copi, Ambroz"]
[Black "Bajt, Hana"]
[Result "1-0"]
[WhiteElo "1807"]
[BlackElo "1416"]
[PlyCount "85"]
[EventDate "2013.10.31"]
[EventType "swiss"]
[EventRounds "9"]
[EventCountry "SLO"]
[SourceTitle "EXT 2015"]
[Source "ChessBase"]
[SourceDate "2014.11.20"]
[SourceVersion "1"]
[SourceVersionDate "2014.11.20"]
[SourceQuality "1"]

1. c4 e5 2. g3 Nf6 3. Bg2 c6 4. d3 d5 5. Nd2 Be6 6. cxd5 cxd5 7. Ngf3 Bd6 8. 0-0 h6 9. Nb3 Nbd7 10. h3 Rc8 11. Bd2 0-0 12. Kh2 Qe7 13. Ne1 Rc7 14. f4 Nb6 15. e4 Rfc8 16. Rb1 Rc6 17. fxe5 Bxe5 18. Nf3 Bd6 19. e5 Bxe5 20. Nxe5 R6c7 21. d4 Nc4 22. Nc5 Nxe5 23. Nxe6 Qxe6 24. dxe5 Qxe5 25. Bf4 Qe6 26. Bxc7 Rxc7 27. Rc1 Rd7 28. Rc8+ Kh7 29. Qd3+ g6 30. Qd4 Rd6 31. Rc7 Rb6 32. a4 a5 33. Rc5 Ra6 34. Rxf6 Qxf6 35. Qxf6 Rxf6 36. Rxd5 Rf2 37. Rb5 Kg7 38. Rxb7 Rc2 39. Kg1 Rc1+ 40. Kf2 Rc2+ 41. Kf3 g5 42. Bf1 Kg6 43. Bd3+ 1-0

[Event "EU-ch U18 23rd"]
[Site "Budva"]
[Date "2013.09.30"]
[Round "2"]
[White "Cerbulenco, Liviu"]
[Black "Copi, Ambroz"]
[Result "1/2-1/2"]
[WhiteElo "2067"]
[BlackElo "1801"]
[PlyCount "78"]
[EventDate "2013.09.29"]
[EventType "swiss"]
[EventRounds "9"]
[EventCountry "MNE"]
[SourceTitle "CBM 156 Extra"]
[Source "ChessBase"]
[SourceDate "2013.10.22"]
[SourceVersion "1"]
[SourceVersionDate "2013.10.22"]
[SourceQuality "1"]

1. e4 e6 2. d4 d5 3. Nd2 dxe4 4. Nxe4 Nd7 5. Nf3 Ngf6 6. Bd3 Be7 7. Qe2 c5 8. Nxc5 Nxc5 9. dxc5 Qa5+ 10. c3 Qxc5 11. 0-0 0-0 12. Ne5 Rd8 13. Bg5 Bd7 14. Bxf6 Bxf6 15. Bxh7+ Kf8 16. Nxd7+ Rxd7 17. Be4 Rad8 18. Rad1 b6 19. Rxd7 Rxd7 20. Rd1 Rxd1+ 21. Qxd1 g6 22. g3 Qc4 23. Qf3 Kg7 24. Bc6 Qxa2 25. Be8 Qd5 26. Qe2 Qd8 27. Ba4 a5 28. Bc6 Qd6 29. Qb5 Qd8 30. h3 Qc7 31. Bf3 Be7 32. Kg2 Qc5 33. Qd7 Qd6 34. Qb7 Qc5 35. Bc6 Bd6 36. Qd7 Qe5 37. Bf3 Bc5 38. b4 Be7 39. Qd4 Bf6 1/2-1/2

[Event "EU-ch U18 23rd"]
[Site "Budva"]
[Date "2013.09.29"]
[Round "1"]
[White "Copi, Ambroz"]
[Black "Abbasov, Amil Habil Oglu"]
[Result "0-1"]
[WhiteElo "1801"]
[BlackElo "2237"]
[PlyCount "66"]
[EventDate "2013.09.29"]
[EventType "swiss"]
[EventRounds "9"]
[EventCountry "MNE"]
[SourceTitle "CBM 156 Extra"]
[Source "ChessBase"]
[SourceDate "2013.10.22"]
[SourceVersion "1"]
[SourceVersionDate "2013.10.22"]
[SourceQuality "1"]

1. e4 c5 2. Nf3 Nc6 3. d4 cxd4 4. Nxd4 g6 5. Nc3 Bg7 6. Be3 Nf6 7. Be2 0-0 8. 0-0 d5 9. exd5 Nxd5 10. Nxd5 Qxd5 11. Bf3 Qc4 12. Bxc6 bxc6 13. c3 e5 14. Nb3 a5 15. Re1 a4 16. Nd2 Qb5 17. b4 Bf5 18. a3 Qd3 19. Rc1 Rfd8 20. Qe2 Qd5 21. Qc4 Be6 22. Qxd5 cxd5 23. Red1 d4 24. cxd4 exd4 25. Bf4 d3 26. b5 Bb2 27. Rb1 Bxa3 28. Ne4 f5 29. Nf6+ Kf7 30. Nxh7 Bb3 31. Ng5+ Kf6 32. Nf3 Bxd1 33. Rxd1 Rd5 0-1

[Event "SLO-chT U20"]
[Site "Verzej"]
[Date "2013.08.28"]
[Round "2"]
[White "Copi, Ambroz"]
[Black "Hiti, Domen"]
[Result "0-1"]
[WhiteElo "1801"]
[BlackElo "2126"]
[PlyCount "146"]
[EventDate "2013.08.27"]
[EventType "team-tourn"]
[EventRounds "7"]
[EventCountry "SLO"]
[SourceTitle "EXT 2015"]
[Source "ChessBase"]
[SourceDate "2014.11.20"]
[SourceVersion "1"]
[SourceVersionDate "2014.11.20"]
[SourceQuality "1"]

1. e4 d5 2. exd5 Qxd5 3. Nc3 Qa5 4. d4 Nf6 5. Bc4 c6 6. Nf3 Bf5 7. 0-0 e6 8. Re1 Be7 9. Qe2 0-0 10. Ne5 Nd5 11. Nxd5 cxd5 12. Bb3 Nc6 13. c3 Nxe5 14. Qxe5 Bf6 15. Qf4 Rac8 16. Bd2 Qc7 17. Rac1 Qxf4 18. Bxf4 Rc6 19. f3 h6 20. Be3 b5 21. Bc2 Bxc2 22. Rxc2 b4 23. Rec1 Rfc8 24. Kf1 Ra6 25. cxb4 Rxc2 26. Rxc2 Rxa2 27. Ke2 Ra4 28. Kd3 Rxb4 29. Rd2 Rb3+ 30. Ke2 Bd8 31. Rc2 Bb6 32. Bf2 Kf8 33. f4 Ke7 34. Kd2 Kd7 35. Ke2 f6 36. g3 g5 37. Rd2 gxf4 38. gxf4 h5 39. h4 Rh3 40. Rd1 e5 41. dxe5 Rh2 42. Rxd5+ Ke8 43. exf6 Rxf2+ 44. Kd3 Rxb2 45. Rxh5 Kf7 46. Rg5 Kxf6 47. h5 Rb4 48. h6 Rxf4 49. Rh5 Rd4+ 50. Kc3 Rd8 51. Kc4 Kg6 52. Rh2 Rh8 53. Kb5 Rxh6 54. Rg2+ Kf7 55. Re2 Re6 56. Rh2 Ke7 57. Rd2 Rd6 58. Rh2 Kd7 59. Rh7+ Kc8 60. Rh8+ Kb7 61. Rh7+ Bc7 62. Rh5 Re6 63. Rh7 Re5+ 64. Ka4 a5 65. Rh4 Ka6 66. Rh6+ Bb6 67. Rh4 Rd5 68. Ka3 Kb5 69. Rg4 Bc5+ 70. Kb3 Rd3+ 71. Ka2 a4 72. Rh4 Rd2+ 73. Ka1 a3 0-1

[Event "SLO-chT U20"]
[Site "Verzej"]
[Date "2013.08.28"]
[Round "3"]
[White "Unuk, Laura"]
[Black "Copi, Ambroz"]
[Result "1/2-1/2"]
[WhiteElo "1980"]
[BlackElo "1801"]
[PlyCount "66"]
[EventDate "2013.08.27"]
[EventType "team-tourn"]
[EventRounds "7"]
[EventCountry "SLO"]
[SourceTitle "EXT 2015"]
[Source "ChessBase"]
[SourceDate "2014.11.20"]
[SourceVersion "1"]
[SourceVersionDate "2014.11.20"]
[SourceQuality "1"]

1. Nf3 Nf6 2. c4 e6 3. g3 b6 4. Bg2 Bb7 5. 0-0 Be7 6. d4 0-0 7. Nc3 d5 8. Ne5 Nbd7 9. f4 c5 10. e3 Rb8 11. cxd5 Nxd5 12. Nxd5 exd5 13. Qa4 Nxe5 14. dxe5 Qc7 15. Bd2 a6 16. b4 b5 17. Qb3 Qb6 18. a3 d4 19. exd4 cxd4 20. Qd3 Bxg2 21. Kxg2 Qc6+ 22. Kg1 Qd5 23. Rac1 Rfe8 24. Be3 Rbd8 25. Rcd1 f6 26. Bxd4 fxe5 27. fxe5 Qe6 28. Qe3 h6 29. Bc5 Bg5 30. Qe4 Rxd1 31. Rxd1 Qxe5 32. Qxe5 Rxe5 33. Kf2 Re6 1/2-1/2

[Event "SLO-ch U18"]
[Site "Murska Sobota"]
[Date "2013.02.23"]
[Round "1"]
[White "Copi, Ambroz"]
[Black "Matijevic, Filip"]
[Result "0-1"]
[WhiteElo "1780"]
[BlackElo "2147"]
[PlyCount "58"]
[EventDate "2013.02.23"]
[EventType "swiss"]
[EventRounds "7"]
[EventCountry "SLO"]
[SourceTitle "EXT 2022"]
[Source "ChessBase"]
[SourceDate "2021.10.06"]
[SourceVersion "1"]
[SourceVersionDate "2021.10.06"]
[SourceQuality "1"]

1. e4 e5 2. Nf3 Nc6 3. d4 exd4 4. Nxd4 Bc5 5. Be3 Qf6 6. c3 Nge7 7. Bc4 0-0 8. 0-0 b6 9. Nxc6 Qxc6 10. Bxc5 Qxc5 11. Bb3 Bb7 12. Re1 Rad8 13. Nd2 Kh8 14. Nf3 Ng6 15. Nd4 f5 16. Nxf5 Bxe4 17. Rxe4 Qxf5 18. Qc2 Nf4 19. Rae1 d5 20. Re5 Qf6 21. f3 c5 22. Qd2 d4 23. cxd4 Rxd4 24. Qc2 Qd8 25. Rd1 c4 26. Ba4 Nd3 27. Re3 b5 28. Bxb5 Qb6 29. Ba4 Re4 0-1

[Event "Wch U18"]
[Site "Maribor"]
[Date "2012.11.17"]
[Round "10.46"]
[White "Copi, Ambroz"]
[Black "Hiti, Domen"]
[Result "0-1"]
[WhiteElo "1729"]
[BlackElo "2061"]
[PlyCount "88"]
[EventDate "2012.11.08"]
[EventType "swiss"]
[EventRounds "11"]
[EventCountry "SLO"]
[SourceTitle "EXT 2013"]
[Source "ChessBase"]
[SourceDate "2012.11.22"]
[SourceVersion "1"]
[SourceVersionDate "2012.11.22"]
[SourceQuality "1"]

1. d4 Nf6 2. c4 g6 3. Nc3 Bg7 4. e4 d6 5. g3 0-0 6. Bg2 e5 7. Nge2 Nc6 8. d5 Ne7 9. 0-0 a5 10. f4 exf4 11. Nxf4 Ng4 12. Nd3 b6 13. Bd2 Ne5 14. Nxe5 Bxe5 15. Rc1 Bd7 16. b3 Kg7 17. Bf4 f6 18. Qd2 Ng8 19. Rce1 Qe7 20. Rf2 Bxc3 21. Qxc3 Nh6 22. h3 Nf7 23. Kh2 g5 24. Be3 Ne5 25. Ref1 h6 26. a3 Qe8 27. Bd4 Qh5 28. Bxe5 fxe5 29. Rxf8 Rxf8 30. Rxf8 Kxf8 31. b4 axb4 32. axb4 Bxh3 33. Qe3 Bd7+ 34. Kg1 Qd1+ 35. Kh2 Qc2 36. c5 bxc5 37. bxc5 Qxc5 38. Qe2 Kg7 39. Qa6 Qb6 40. Qa8 c5 41. dxc6 Bxc6 42. Qa2 Qb7 43. Qc4 Be8 44. Qd3 Qe7 0-1

[Event "Wch U18"]
[Site "Maribor"]
[Date "2012.11.16"]
[Round "9.40"]
[White "Drnovsek, Gal"]
[Black "Copi, Ambroz"]
[Result "1-0"]
[WhiteElo "2236"]
[BlackElo "1729"]
[PlyCount "72"]
[EventDate "2012.11.08"]
[EventType "swiss"]
[EventRounds "11"]
[EventCountry "SLO"]
[SourceTitle "EXT 2013"]
[Source "ChessBase"]
[SourceDate "2012.11.22"]
[SourceVersion "1"]
[SourceVersionDate "2012.11.22"]
[SourceQuality "1"]

1. d4 Nf6 2. c4 g6 3. Nc3 d5 4. cxd5 Nxd5 5. e4 Nxc3 6. bxc3 Bg7 7. Bc4 c5 8. Ne2 0-0 9. 0-0 Nc6 10. Be3 Qc7 11. Qc1 e6 12. Bf4 Qe7 13. Rd1 cxd4 14. cxd4 Bd7 15. Qd2 a6 16. Rac1 b5 17. Bb3 Rfe8 18. d5 Ne5 19. d6 Qd8 20. Bxe5 Bxe5 21. f4 Bg7 22. e5 f6 23. Qe3 Rc8 24. Rxc8 Bxc8 25. d7 Bxd7 26. Qa7 Re7 27. Qxa6 Qe8 28. Qd6 fxe5 29. fxe5 Bf8 30. Nd4 Kg7 31. Rc1 Qf7 32. Rc7 Qf4 33. Rxd7 Qc1+ 34. Kf2 Qd2+ 35. Kf1 Qc1+ 36. Ke2 Qb2+ 1-0

[Event "Wch U18"]
[Site "Maribor"]
[Date "2012.11.14"]
[Round "7.50"]
[White "Copi, Ambroz"]
[Black "Whitfield, Craig M"]
[Result "1/2-1/2"]
[WhiteElo "1729"]
[BlackElo "2040"]
[PlyCount "78"]
[EventDate "2012.11.08"]
[EventType "swiss"]
[EventRounds "11"]
[EventCountry "SLO"]
[SourceTitle "EXT 2013"]
[Source "ChessBase"]
[SourceDate "2012.11.22"]
[SourceVersion "1"]
[SourceVersionDate "2012.11.22"]
[SourceQuality "1"]

1. e4 c5 2. Nf3 e6 3. d3 Nc6 4. g3 Nge7 5. Bg2 g6 6. 0-0 Bg7 7. Re1 d6 8. Nbd2 Rb8 9. Nf1 b5 10. Rb1 Qa5 11. a3 Ba6 12. b4 Qc7 13. bxc5 dxc5 14. Bb2 e5 15. Ne3 0-0 16. Nd5 Qd6 17. Qc1 Nd4 18. c4 bxc4 19. dxc4 Nxd5 20. exd5 Rfe8 21. Ng5 Bh6 22. Ne4 Bxc1 23. Nxd6 Red8 24. Bxd4 Rxb1 25. Bxc5 Ra1 26. Bb4 Bb2 27. Rxa1 Bxa1 28. c5 Bd4 29. c6 Bb6 30. Nb7 Bxb7 31. cxb7 Bc7 32. a4 Bb8 33. a5 f5 34. Bf1 Kf7 35. d6 e4 36. Bc4+ Kg7 37. Kf1 g5 38. a6 f4 39. g4 Rxd6 1/2-1/2

[Event "Wch U18"]
[Site "Maribor"]
[Date "2012.11.09"]
[Round "2.50"]
[White "Copi, Ambroz"]
[Black "Mejak, Severin"]
[Result "0-1"]
[WhiteElo "1729"]
[BlackElo "2071"]
[PlyCount "80"]
[EventDate "2012.11.08"]
[EventType "swiss"]
[EventRounds "11"]
[EventCountry "SLO"]
[SourceTitle "EXT 2013"]
[Source "ChessBase"]
[SourceDate "2012.11.22"]
[SourceVersion "1"]
[SourceVersionDate "2012.11.22"]
[SourceQuality "1"]

1. d4 d5 2. c4 e6 3. Nc3 Be7 4. cxd5 exd5 5. Bf4 c6 6. e3 Bf5 7. Bd3 Bxd3 8. Qxd3 Nf6 9. Nf3 Nbd7 10. 0-0 Nh5 11. Bg3 Nxg3 12. hxg3 0-0 13. Rab1 a5 14. a3 f5 15. Rfc1 Bd6 16. Ne2 Ra6 17. Nf4 Qe7 18. Qd2 Nb6 19. Ne5 Bxe5 20. dxe5 Qxe5 21. Nd3 Qe7 22. Nc5 Raa8 23. Nb3 a4 24. Nd4 Nc4 25. Qe2 Qf7 26. Rc2 Rfc8 27. Rbc1 b5 28. Qf3 g6 29. Rd1 Rab8 30. g4 fxg4 31. Qxg4 Qf6 32. Qe2 Re8 33. Rd3 Rb7 34. Qg4 Ne5 35. Qd1 Nxd3 36. Qxd3 Rb6 37. Qc3 Kg7 38. Qc5 Ra6 39. Nxb5 cxb5 40. Qxb5 Re7 0-1

[Event "SLO-chT U20"]
[Site "Koper"]
[Date "2012.08.30"]
[Round "4"]
[White "Copi, Ambroz"]
[Black "Rozic, Samo"]
[Result "0-1"]
[WhiteElo "1729"]
[BlackElo "2089"]
[PlyCount "86"]
[EventDate "2012.08.28"]
[EventType "team-tourn"]
[EventRounds "7"]
[EventCountry "SLO"]
[SourceTitle "EXT 2022"]
[Source "ChessBase"]
[SourceDate "2021.10.06"]
[SourceVersion "1"]
[SourceVersionDate "2021.10.06"]
[SourceQuality "1"]

1. e4 e6 2. d4 d5 3. exd5 exd5 4. Bd3 Nc6 5. c3 Bd6 6. Ne2 Bg4 7. Be3 Nge7 8. Nd2 Qd7 9. Qc2 0-0-0 10. 0-0-0 Rde8 11. Rde1 Ng6 12. h3 Be6 13. Nf3 f6 14. a3 Nce7 15. c4 dxc4 16. Bxc4 Nd5 17. Bd2 Bf5 18. Qb3 Nb6 19. Bb5 c6 20. Bd3 Bxd3 21. Qxd3 Qe6 22. Nc3 Qb3 23. Qc2 Qxc2+ 24. Kxc2 Bf4 25. Be3 Bc7 26. Nd2 Re7 27. Re2 Rhe8 28. Rhe1 Nh4 29. g4 Ng2 30. Rc1 Nxe3+ 31. Rxe3 Rxe3 32. fxe3 Rxe3 33. Rh1 Nd5 34. Nc4 Rg3 35. Ne4 Rg2+ 36. Kb3 Re2 37. Ned2 Bf4 38. Kc2 Rg2 39. Kd3 Bxd2 40. Nxd2 Rg3+ 41. Kc2 Nf4 42. Re1 Nxh3 43. Re8+ Kd7 0-1

[Event "SLO-ch U18"]
[Site "Debeli Rtic"]
[Date "2012.02.24"]
[Round "9"]
[White "Copi, Ambroz"]
[Black "Drnovsek, Gal"]
[Result "1/2-1/2"]
[WhiteElo "1695"]
[BlackElo "2056"]
[PlyCount "85"]
[EventDate "2012.02.18"]
[EventType "swiss"]
[EventRounds "9"]
[EventCountry "SLO"]
[SourceTitle "EXT 2022"]
[Source "ChessBase"]
[SourceDate "2021.10.06"]
[SourceVersion "1"]
[SourceVersionDate "2021.10.06"]
[SourceQuality "1"]

1. d4 Nf6 2. c4 e6 3. Nc3 d5 4. cxd5 exd5 5. Bg5 Be7 6. e3 c6 7. Bd3 Nbd7 8. Qc2 0-0 9. Nge2 Re8 10. 0-0-0 Nf8 11. h3 Be6 12. g4 Qa5 13. Kb1 b5 14. Ng3 c5 15. Bxb5 Rec8 16. Bd3 cxd4 17. exd4 Rab8 18. Ka1 Ba3 19. Bc1 Bb4 20. Nge2 Ne4 21. Bxe4 dxe4 22. Qa4 Qb6 23. Qc2 Qa5 24. Qa4 Qb6 25. Qc2 Bc4 26. Rhe1 Bd3 27. Rxd3 exd3 28. Qxd3 Re8 29. Nd5 Qd6 30. Nxb4 Qxb4 31. Rd1 Ne6 32. Nc3 Red8 33. d5 Nc5 34. Qc2 Rd6 35. Be3 Rbd8 36. Rd4 Qb7 37. g5 Na6 38. a3 Nc7 39. Rb4 Qa8 40. Bf4 R6d7 41. Bxc7 Rxc7 42. Rh4 g6 43. Qd2 1/2-1/2

[Event "SLO-ch U18"]
[Site "Debeli Rtic"]
[Date "2012.02.23"]
[Round "8"]
[White "Zavrtanik, Uros"]
[Black "Copi, Ambroz"]
[Result "0-1"]
[WhiteElo "1733"]
[BlackElo "1695"]
[PlyCount "71"]
[EventDate "2012.02.18"]
[EventType "swiss"]
[EventRounds "9"]
[EventCountry "SLO"]
[SourceTitle "EXT 2022"]
[Source "ChessBase"]
[SourceDate "2021.10.06"]
[SourceVersion "1"]
[SourceVersionDate "2021.10.06"]
[SourceQuality "1"]

1. e4 c5 2. Nc3 Nc6 3. Bb5 g6 4. Bxc6 dxc6 5. f4 Bg7 6. Nf3 Nf6 7. d3 0-0 8. 0-0 b6 9. Qe1 c4 10. d4 b5 11. a3 a5 12. Qh4 Bb7 13. e5 Nd5 14. Ne4 f6 15. g4 Bc8 16. h3 Ra7 17. e6 Bxe6 18. Neg5 fxg5 19. Nxg5 Bxd4+ 20. Kh2 Rf7 21. Nxf7 Bxf7 22. c3 Bc5 23. Kh1 Nf6 24. Qg3 Ne4 25. Qg2 Bd5 26. Kh2 e6 27. g5 Rf7 28. h4 Nxc3 29. Qg4 Ne4 30. Re1 Rf5 31. Be3 Bxe3 32. Rxe3 Qd6 33. Rf1 e5 34. h5 exf4 35. Ref3 Ng3 36. hxg6 0-1

[Event "SLO-ch U18"]
[Site "Debeli Rtic"]
[Date "2012.02.22"]
[Round "6"]
[White "Copi, Ambroz"]
[Black "Skvorc, Ziga"]
[Result "0-1"]
[WhiteElo "1695"]
[BlackElo "1764"]
[PlyCount "86"]
[EventDate "2012.02.18"]
[EventType "swiss"]
[EventRounds "9"]
[EventCountry "SLO"]
[SourceTitle "EXT 2022"]
[Source "ChessBase"]
[SourceDate "2021.10.06"]
[SourceVersion "1"]
[SourceVersionDate "2021.10.06"]
[SourceQuality "1"]

1. e4 e5 2. Nf3 Nc6 3. Bb5 Nd4 4. Bc4 Nxf3+ 5. Qxf3 Nf6 6. 0-0 Be7 7. c3 0-0 8. d3 d6 9. h3 Be6 10. Na3 d5 11. exd5 Nxd5 12. Nc2 c6 13. d4 e4 14. Qe2 f5 15. f3 Qd6 16. fxe4 fxe4 17. Qxe4 Rxf1+ 18. Bxf1 Nf6 19. Qd3 Bd8 20. Ne1 Bc7 21. Nf3 Rd8 22. Be3 Rf8 23. Bf2 Ng4 24. Bg3 Qxg3 25. hxg4 Bxg4 26. Be2 Bxf3 27. Bxf3 Qh2+ 28. Kf2 Qh4+ 29. Ke2 Re8+ 30. Kd2 Qf2+ 31. Be2 Bf4+ 32. Kd1 Re3 33. Qc4+ Kh8 34. a4 Qxg2 35. Ra3 Re7 36. Qd3 Qg1+ 37. Kc2 Qf2 38. Kd1 h5 39. b4 Re3 40. Qc4 Bg3 41. Kd2 Re8 42. Ra1 Qe3+ 43. Kd1 Qg1+ 0-1

[Event "SLO-ch U18"]
[Site "Debeli Rtic"]
[Date "2012.02.18"]
[Round "1"]
[White "Copi, Ambroz"]
[Black "Mejak, Severin"]
[Result "1/2-1/2"]
[WhiteElo "1695"]
[BlackElo "2042"]
[PlyCount "119"]
[EventDate "2012.02.18"]
[EventType "swiss"]
[EventRounds "9"]
[EventCountry "SLO"]
[SourceTitle "EXT 2022"]
[Source "ChessBase"]
[SourceDate "2021.10.06"]
[SourceVersion "1"]
[SourceVersionDate "2021.10.06"]
[SourceQuality "1"]

1. d4 Nf6 2. Nf3 c5 3. c3 d5 4. g3 Nc6 5. Bg2 Bf5 6. 0-0 e6 7. Nbd2 h6 8. dxc5 Bxc5 9. Nb3 Bb6 10. Nbd4 Bh7 11. Nxc6 bxc6 12. Qa4 Rc8 13. c4 0-0 14. b3 Nd7 15. Bb2 Re8 16. Rac1 Nc5 17. Qb4 a5 18. Qc3 f6 19. Rcd1 Ne4 20. Qc1 Qe7 21. Nd2 Nc5 22. Bh3 Rc7 23. Bg2 Rd8 24. Ba3 d4 25. b4 axb4 26. Bxb4 Qe8 27. Nb3 Nxb3 28. axb3 c5 29. Bd2 Kh8 30. Qb2 e5 31. Ra1 e4 32. Ra6 Rc6 33. b4 cxb4 34. Qxb4 Bc5 35. Qa4 Rxa6 36. Qxa6 Ra8 37. Qb7 f5 38. Qd5 Qf8 39. Bh3 Rd8 40. Qb7 Bg8 41. Qc7 Re8 42. Rb1 Bd6 43. Qa7 d3 44. exd3 exd3 45. Qd4 Rd8 46. Qxd3 Bf4 47. Qxd8 Qxd8 48. Bxf4 Qd3 49. Rc1 Kh7 50. Bf1 Qd7 51. h4 Be6 52. Bg2 Qd8 53. c5 g5 54. hxg5 hxg5 55. Bd6 Kg6 56. Rb1 Bc8 57. Re1 f4 58. gxf4 gxf4 59. Bxf4 Qd4 60. Bg3 1/2-1/2